| 000 | 00627nam a2200217 a 4500 | ||
|---|---|---|---|
| 001 | 20204 | ||
| 003 | CO-ViMGA | ||
| 008 | 141112s2004 ck r 000 u spa d | ||
| 020 | _a958410165X | ||
| 040 |
_aCO-ViMGA _bspa _cCO-ViMGA |
||
| 082 | 0 | 4 | _a621.312134 O774p |
| 100 | 1 |
_aOrtiz Florez, Ramiro _947919 |
|
| 245 | 1 | 0 | _aPequeñas Centrales Hidroelectricas |
| 260 |
_aBogotá : _bMcGraw - Hill, _c2001 |
||
| 300 | _a357 p. | ||
| 590 | _aForma de adquisición : Premio Mincultura | ||
| 650 | 1 | 4 |
_aCENTRALES ELECTRICAS _951736 |
| 650 | 1 | 4 | _aINGENIERIA ELECTRICA |
| 650 | 1 | 4 |
_aSUBESTACIONES ELECTRICAS _929210 |
| 942 |
_2ddc _cBK |
||
| 999 |
_c29251 _d29251 |
||